000 00589nam a2200217Ia 4500
005 20240301125341.0
008 131103s9999 xx 000 0 und d
020 _cRs.15
040 _aLoreto College
041 _aEnglish
082 _a370.954
_bUNI
245 4 _aThe report of the university education commission
_b report for the year-1981-82
250 _aP.iii
260 _aNew Delhi
_bThe Manager Of Publication
_c1951
300 _aV.2
504 _aIncludes index
650 _aEducational-India
651 _aEducational-University
850 _aLCLIB
942 _cBK
999 _c23319
_d73798